Coupe du Monde Rugby: Namibie - Statistiques

Statistiques générales
  • Ce quiz a été pris 30 fois
  • Le résultat moyen est 13 sur 15
Statistiques - réponses
Réponse % Correct
France
100%
Australie
96%
Nouvelle-Zélande
96%
Argentine
92%
Irlande
92%
Afrique du Sud
88%
Fidji
88%
Samoa
88%
Italie
85%
Tonga
85%
Uruguay
85%
Canada
81%
Pays de Galles
81%
Roumanie
77%
Géorgie
69%
Aucun quiz correspondant
Distribution des résultats
% des personnes avec chaque résultat
Percentile par nombre de réponses
Votre historique - résultats
Vous n’avez pas pris ce quiz